<?xml version="1.0" encoding="UTF-8"?><?xml-stylesheet type="text/xsl" href="static/style.xsl"?><OAI-PMH xmlns="http://www.openarchives.org/OAI/2.0/" xmlns:xsi="http://www.w3.org/2001/XMLSchema-instance" xsi:schemaLocation="http://www.openarchives.org/OAI/2.0/ http://www.openarchives.org/OAI/2.0/OAI-PMH.xsd"><responseDate>2026-04-13T05:00:06Z</responseDate><request verb="GetRecord" identifier="oai:www.recercat.cat:2445/220098" metadataPrefix="marc">https://recercat.cat/oai/request</request><GetRecord><record><header><identifier>oai:recercat.cat:2445/220098</identifier><datestamp>2025-12-05T10:02:50Z</datestamp><setSpec>com_2072_1057</setSpec><setSpec>col_2072_478819</setSpec><setSpec>col_2072_478917</setSpec></header><metadata><record xmlns="http://www.loc.gov/MARC21/slim" xmlns:dcterms="http://purl.org/dc/terms/" xmlns:xsi="http://www.w3.org/2001/XMLSchema-instance" xmlns:doc="http://www.lyncode.com/xoai" xsi:schemaLocation="http://www.loc.gov/MARC21/slim http://www.loc.gov/standards/marcxml/schema/MARC21slim.xsd">
   <leader>00925njm 22002777a 4500</leader>
   <datafield ind2=" " ind1=" " tag="042">
      <subfield code="a">dc</subfield>
   </datafield>
   <datafield ind2=" " ind1=" " tag="720">
      <subfield code="a">Polanco Martínez, Fernando</subfield>
      <subfield code="e">author</subfield>
   </datafield>
   <datafield ind2=" " ind1=" " tag="260">
      <subfield code="c">2025-03-28T16:41:09Z</subfield>
   </datafield>
   <datafield ind2=" " ind1=" " tag="260">
      <subfield code="c">2025-03-28T16:41:09Z</subfield>
   </datafield>
   <datafield ind2=" " ind1=" " tag="260">
      <subfield code="c">2013-12</subfield>
   </datafield>
   <datafield ind2=" " ind1=" " tag="260">
      <subfield code="c">2025-03-28T16:41:09Z</subfield>
   </datafield>
   <datafield ind2=" " ind1=" " tag="520">
      <subfield code="a">El   esquema   discursivo   recapitulador   &lt;vamos/vaya,  que  +  enunciado  verbal>  presenta  en  el español coloquial una frecuencia de uso muy elevada.  En  este  esquema,  el  marcador  vamos/vaya  introduce  generalmente  un  elemento  reformulador (un enunciado con verbo conjugado) mediante la partícula que, pese a que no se trata de un elemento obligatorio. Esta partícula no se ha estudiado directamente en contextos discursivos como este, pero muestra similitudes formales con el que inicial átono introductor de enunciados independientes, elemento para el que se han propuesto fundamentalmente tres posibles funciones:  conjuntiva,  conectiva  o  marcador  de  modalidad (Garrido, 1999; Escandell, 1999; Súñer, 1999; Porroche, 2000; Pons, 2003). En este trabajo, analizamos  si  alguna  de  estas  funciones  puede  aplicarse  al  caso  de  la  partícula  que  en  este  esquema discursivo y llegamos a la conclusión de que  la  interpretación  modal  es,  junto  con  la  comentadora  o  resumidora,  la  función  más  destacable  en  los  contextos  analizados.  Asimismo,  el  alto grado de frecuencia y de solidaridad formal que presenta la coaparición de este tipo de mar-cadores y la partícula que permite apuntar hacia un  tratamiento  construccional  de  este  esquema  discursivo  en  la  línea  de  autores  como  Ono  y  Thompson  (1995),  Linell  (2006,  2009a,  2009b)  o  Gras (2011).</subfield>
   </datafield>
   <datafield tag="653" ind2=" " ind1=" ">
      <subfield code="a">Pragmàtica (Lingüística)</subfield>
   </datafield>
   <datafield tag="653" ind2=" " ind1=" ">
      <subfield code="a">Anàlisi del discurs</subfield>
   </datafield>
   <datafield tag="653" ind2=" " ind1=" ">
      <subfield code="a">Marcadors del discurs</subfield>
   </datafield>
   <datafield tag="653" ind2=" " ind1=" ">
      <subfield code="a">Pragmatics</subfield>
   </datafield>
   <datafield tag="653" ind2=" " ind1=" ">
      <subfield code="a">Discourse analysis</subfield>
   </datafield>
   <datafield tag="653" ind2=" " ind1=" ">
      <subfield code="a">Discourse markers</subfield>
   </datafield>
   <datafield ind2="0" ind1="0" tag="245">
      <subfield code="a">'Vino mucha gente, buena bebida, buena música... vamos, que fue genial'. La función de la partícula 'que' en enunciados recapitulativos: el caso de [vamos/vaya, que + enunciado verbal] en español coloquial</subfield>
   </datafield>
</record></metadata></record></GetRecord></OAI-PMH>